000 00689nam a22002177a 4500
003 UA-OsUOA
001 36953
007 ta
008 20060217b un ||||| |||| 00| 0 ukr d
100 _aЛазоренко Л.
090 _a82
_bЛ11
942 _cSA
040 _aUA-OsUOA
_bukr
_cUA-OsUOA
_dUA-OsUOA
245 _aЖіночі громадські організації як складова українського громадянського суспільства
300 _aС.46-54
955 _a0
041 _aukr
080 _a82
773 0 _w36946
_tСучасність
_dК.
_d2006
_g1
650 7 _a82 Література. Літературознавство
_2UDC
999 _c323180
_d323180